Euro 2020: Liste 26 - Italie - Statistiques

Statistiques générales
  • Ce quiz a été pris 468 fois
  • Le résultat moyen est 18 sur 27
Statistiques - réponses
Poste Club Joueur % Correct
G AC Milan Gianluigi Donnarumma
99%
D Juventus Turin Giorgio Chiellini
95%
D Juventus Turin Leonardo Bonucci
94%
M Paris SG Marco Verratti
93%
A Lazio Rome Ciro Immobile
91%
M Chelsea FC Jorginho
88%
A Juventus Turin Federico Chiesa
87%
A Naples SSC Lorenzo Insigne
82%
M Inter Milan Nicolò Barella
81%
A Sassuolo Domenico Berardi
77%
D Paris SG Alessandro Florenzi
72%
D Naples SSC Giovanni Di Lorenzo
72%
G Naples SSC Alex Meret
69%
G Torino Salvatore Sirigu
69%
A Torino Andrea Belotti
67%
D Chelsea FC Emerson
66%
D AS Roma Leonardo Spinazzola
66%
M Sassuolo Manuel Locatelli
62%
D Inter Milan Alessandro Bastoni
60%
D Lazio Rome Francesco Acerbi
60%
S / Roberto Mancini
56%
A Juventus Turin Federico Bernardeschi
45%
M AS Roma Lorenzo Pellegrini
45%
M AS Roma Bryan Cristante
43%
D Atalanta Bergame Rafael Toloi
41%
A Sassuolo Giacomo Raspadori
39%
M Inter Milan Stefano Sensi
18%
Aucun quiz correspondant
Distribution des résultats
% des personnes avec chaque résultat
Percentile par nombre de réponses
Votre historique - résultats
Vous n’avez pas pris ce quiz